Acteurs et actrices - Statistiques

Statistiques générales
  • Ce quiz a été pris 1 210 fois
  • Le résultat moyen est 28 sur 65
Statistiques - réponses
Par images Réponse % Correct
Leonardo DiCaprio
97%
Will Smith
93%
Emma Watson
84%
Jean Dujardin
84%
Johnny Depp
84%
Zendaya
82%
Tom Cruise
81%
Tom Holland
76%
Coluche
72%
Dwayne Johnson
69%
Morgan Freeman
69%
Tom Hanks
68%
Millie bobby Brown
66%
Gérard Jugnot
64%
Scarlett Johansson
62%
Robert Downey Jr.
61%
Chris Evans
60%
Emma Stone
59%
Jennifer Lawrence
58%
Ryan Reynolds
57%
Daniel Radcliffe
56%
Jean-Claude Van Damme
55%
Matt Damon
55%
Natalie Portman
55%
Zac Efron
55%
Martin Freeman
52%
Dylan O'Brien
50%
Penélope Cruz
49%
Harrison Ford
48%
Gal Gadot
46%
Daniel Auteuil
45%
Denzel Washington
44%
Anthony Hopkins
42%
Robin Williams
42%
Elizabeth Olsen
41%
Rami Malek
41%
Chuck Norris
37%
Luke Evans
37%
Sabrina Carpenter
36%
Jack Nicholson
35%
Eddie Murphy
34%
Benedict Cumberbatch
33%
Marlon Brando
33%
Jake Gyllenhaal
32%
Gwyneth Paltrow
31%
Jack Black
30%
Chadwick Boseman
23%
Jean-Pascal Zadi
23%
Alexandra Daddario
22%
Arnold Schwarzenegger
22%
Gary Oldman
22%
Bonnie Wright
20%
Oscar Isaac
18%
David Harbour
17%
Amy Adams
15%
Ian McKellen
15%
Natalia Dyer
14%
Daisy Ridley
13%
Andy Serkis
11%
Joe Keery
11%
Kaya Scodelario
11%
Jennifer Connelly
9%
Alba Flores
8%
Steven Yeun
8%
Kierman Shipka
3%
Aucun quiz correspondant
Distribution des résultats
% des personnes avec chaque résultat
Percentile par nombre de réponses
Votre historique - résultats
Vous n’avez pas pris ce quiz